00999nam a2200205 4500008004100000020001500041050002200056100004000078245016700118260003400285300001800319490003400337500003300371504003100404505022100435650002000656650004700676650003000723700004000753180827smx spa||||| |||| 00| 0 mx d a9688536296 aLC225 bP377 2005 aParra Velasco, María Luisaeautor aComunicación entre la escuela y la familia b : fortaleciendo las bases para el éxito escolarc / María Luisa Parra Velasco, Martha Julia García Sellers  aMéxicob : Paidósc, 2005 a126 páginas aMaestros y enseñanza v; 16 aIncluye: anexos (pp. 93-126) aBibliografía (pp. 89-92) aNecesidad de un enfoque interdisciplinario de la enseñanza Estudio de caso: Andrea va a la escuela en la ciudad Conociendo al niño Conociendo a la familia Estableciendo la conexión entre el hogar y la escuela  0aHOGAR Y ESCUELA 0aEDUCACIÓNxPARTICIPACIÓN DE LOS PADRES 0aRELACIONES PADRES-MAESTRO aGarcia Sellers, Martha Juliaeautor